00869nam a22002417a 4500003000400000005001700004008004100021020001500062040000900077245013300086260006300219300001100282490001400293650002900307650002500336650003300361700004700394700003000441700003400471942001300505999001500518952009400533OSt20131127101243.0130517s1996 sp ||||| |||| 00| 0 spa d a8486792509 cCDMR00aSobre la intimidadc[coordinadores Antonio Vallés Copeiro del Villar, Hugo Aznar Gómez ; David Calatauyd Chover ...[et al.]] aValenciabFundación Universitaria San Pablo C.E.U.c1996 a234 p.0 aLecciones049709aDret a la intimitat0494380aDret a l'honor0494397aResponsabilitat (Dret)1 93467aVallés Copeiro del Villar, Antonio1 9383aAznar, Hugoecoords.1 93468aCalatayud Chover, David 2udccMON c6283d6283 00104070aCDMRbCDMRd2013-01-16l0oCg 5/13pCDMR13056459r2013-05-17w2013-05-17yMON